FOOD SCIENCE & NUTRITION (Record no. 22739)

MARC details
000 -LEADER
fixed length control field 00288nam a22001337a 4500
003 - CONTROL NUMBER IDENTIFIER
control field SGT
020 ## - INTERNATIONAL STANDARD BOOK NUMBER
International Standard Book Number 0-19-568911-9
082 ## - DEWEY DECIMAL CLASSIFICATION NUMBER
Classification number 613.2
Item number ROD
100 ## - MAIN ENTRY--PERSONAL NAME
Personal name RODAY, SUNETRA
245 ## - TITLE STATEMENT
Title FOOD SCIENCE & NUTRITION
260 ## - PUBLICATION, DISTRIBUTION, ETC. (IMPRINT)
Place of publication, distribution, etc NEW YORK
Name of publisher, distributor, etc OXFORD
Year of Publication 2010
300 ## - PAGE DESCRIPTION
No. of Pages 356
942 ## - ADDED ENTRY ELEMENTS (KOHA)
Source of classification or shelving scheme Dewey Decimal Classification
Koha item type Books
942 ## - ADDED ENTRY ELEMENTS (KOHA)
-- 2
Holdings
Withdrawn status Lost status Source of classification or shelving scheme Damaged status Not for loan Collection code Home library Current library Date acquired SGTU Total Checkouts Full call number Accession No. (Barcode) Date last seen Date last borrowed Bill Date Koha item type
    Dewey Decimal Classification     HOTEL MANAGEMENT SGT Science & Social Sciences Library SGT Science & Social Sciences Library 23/05/2022 SGTU 2 613.2 ROD HM1263 21/09/2023 11/09/2023 23/05/2022 Books